|
|
|
|
| LEADER |
01533nam a2200385Ia 4500 |
| 001 |
EBC3050596 |
| 003 |
MiAaPQ |
| 005 |
20200520144314.0 |
| 006 |
m o d | |
| 007 |
cr cn||||||||| |
| 008 |
030501s2003 dcu sb 000 0 eng d |
| 020 |
|
|
|z 0821355562
|
| 035 |
|
|
|a (MiAaPQ)EBC3050596
|
| 035 |
|
|
|a (Au-PeEL)EBL3050596
|
| 035 |
|
|
|a (CaPaEBR)ebr10042818
|
| 035 |
|
|
|a (CaONFJC)MIL8659
|
| 035 |
|
|
|a (OCoLC)495528340
|
| 040 |
|
|
|a MiAaPQ
|c MiAaPQ
|d MiAaPQ
|
| 050 |
|
4 |
|a HC79.C3
|b I78 2003
|
| 082 |
0 |
4 |
|a 338.9
|2 21
|
| 100 |
1 |
|
|a Irwin, Timothy.
|
| 245 |
1 |
0 |
|a Public money for private infrastructure
|h [electronic resource] :
|b deciding when to offer guarantees, output-based subsidies, and other forms of fiscal support for privately provided infrastructure services /
|c Timothy Irwin.
|
| 260 |
|
|
|a Washington, D.C. :
|b World Bank,
|c 2003.
|
| 300 |
|
|
|a 54 p.
|
| 490 |
1 |
|
|a World Bank working paper ;
|v no. 10
|
| 504 |
|
|
|a Includes bibliographical references.
|
| 533 |
|
|
|a Electronic reproduction. Ann Arbor, MI : ProQuest, 2015. Available via World Wide Web. Access may be limited to ProQuest affiliated libraries.
|
| 650 |
|
0 |
|a Infrastructure (Economics)
|x Finance.
|
| 650 |
|
0 |
|a Economic assistance, Domestic.
|
| 650 |
|
0 |
|a Public-private sector cooperation.
|
| 650 |
|
0 |
|a Capital investments.
|
| 655 |
|
4 |
|a Electronic books.
|
| 710 |
2 |
|
|a ProQuest (Firm)
|
| 830 |
|
0 |
|a World Bank working paper ;
|v no. 10.
|
| 856 |
4 |
0 |
|u https://ebookcentral.proquest.com/lib/matrademy/detail.action?docID=3050596
|z Click to View
|